000 01435nam a2200229Ia 4500
999 _c51899
_d51899
001 18899
003 GE_BSU
005 20220919162555.0
008 181216s2013||||ge |||||||||||||| ||geo||
040 _cGE_BSU
041 _ageo
080 _a63 ა-20
100 _aაბუსელიძე, ფადიკო
_911555
245 _aმცირე სიმძლავრიანი სათიბელების მოდერნიზაცია ახალი ტიპის მჭრელი აპარატის გამოყენებით : დისერტაცია /
_cფადიკო აბუსელიძე; სამეცნიერო ხელმძღვანელი მ. მამულაძე; ბათუმის შოთა რუსთაველის სახ. უნ-ტი.
264 _aბათუმი,
_c2013.
300 _a138 გვ. ;
_b30 სმ.
653 _aდისერტაცია
653 _aმცირე სიმძლავრიანი სათიბელების მოდერნიზაცია ახალი ტიპის მჭრელი აპარატის გამოყენებით
653 _aსოფლის მეურნეობა
700 _aმამულაძე, მ.
_eსამეცნიერო ხელმძღვანელი
_911556
942 _cBK
_2udc